Statistics for Undertale Song Quiz

Click here to take the quiz!

General Stats

  • This quiz has been taken 2,298 times
    (2,273 since last reset)
  • The average score is 16 of 24

Answer Stats

HintAnswer% Correct
Sans' Boss ThemeMEGALOVANIA
89%
Muffets Battle ThemeSpider Dance
85%
Papyrus' Boss themeBonetrousle
81%
Toriels Boss ThemeHeartache
81%
sans' themesans.
81%
Floweys main themeYour Best Friend
81%
Undyne's Battle themeSpear of Justice
80%
Mettaton EX's Boss themeDeath by Glamour
79%
Asriel's Boss themeHopes and Dreams
78%
the Mad Dummy's Boss themeDummy!
70%
Mettaton's Battle themeMetal Crusher
69%
Flowey's Boss themeYour Best Nightmare
69%
Undyne the Undying's Boss themeBattle against a True Hero
67%
The Dog boss themeDogsong
64%
Toriels man themeFallen Down
64%
Plays during the opening sequenceOnce Upon a Time
63%
Mettaton NEO's Boss themePower of "NEO"
58%
the song that plays during the True Lab boss fightsAmalgam
54%
the song that plays during the snail raceThundersnail
53%
The song that plays during the dinner with SansIt's Raining Somewhere Else
52%
the song that plays when traveling through HotlandAnother Medium
47%
Asgore Pre-Battle themeBergentruckung
46%
The song that plays in the True LabHere We Are
42%
The song that plays during the creditsBring it in, Guys!
36%

Score Distribution

Percentile by Number Answered

Percent of People with Each Score

Your Score History

You have not taken this quiz since the last reset